Grassroots resistance : social movements in twentieth century America /

Bibliographic Details
Main Author: Goldberg, Robert Alan, 1949-
Format: Book
Language:English
Published: Belmont, Calif. : Wadsworth Pub. Co., [1991]
Subjects:

MARC

Tag First Indicator Second Indicator Subfields
LEADER 00000cam a2200000 a 4500
001 in00001007270
005 20150927215051.0
008 900305s1991 cau b 00110 eng
010 |a  90034246  
020 |a 0534129064 
035 |a (OCoLC)21331067 
035 |9 AFD5694AM 
040 |a DLC  |c DLC  |d UtOrBLW 
043 |a n-us--- 
049 |a TXAM 
050 0 0 |a HN57  |b .G58 1991 
082 0 0 |a 303.48/4/09730904  |2 20 
100 1 |a Goldberg, Robert Alan,  |d 1949- 
245 1 0 |a Grassroots resistance :  |b social movements in twentieth century America /  |c Robert A. Goldberg. 
264 1 |a Belmont, Calif. :  |b Wadsworth Pub. Co.,  |c [1991] 
264 4 |c ©1991 
300 |a xiii, 313 pages ;  |c 22 cm. 
336 |a text  |b txt  |2 rdacontent 
337 |a unmediated  |b n  |2 rdamedia 
338 |a volume  |b nc  |2 rdacarrier 
500 |a Includes index. 
504 |a Includes bibliographical references (pages 282-303). 
650 0 |a Social movements  |z United States  |x History  |y 20th century. 
999 |a MARS 
999 f f |s 3cac0f2b-4043-3e03-a1f4-800809694d0d  |i 1c0f72be-2044-309c-9abf-d3517185c6de  |t 0 
952 f f |p ric  |a Texas A&M University  |b Rellis Campus  |c Joint Library Facility  |d Remote Storage  |t 0  |e HN57 .G58 1991  |h Library of Congress classification  |i unmediated -- volume  |m A14814338747 
998 f f |a HN57 .G58 1991  |t 0  |l Remote Storage